| 000 | 00486nam a2200181Ia 4500 | ||
|---|---|---|---|
| 008 | 151018s9999 xx 000 0 und d | ||
| 082 |
_bRBASDV50076 _a891.465 |
||
| 100 | _aजे आर डी टाटा | ||
| 245 | _aकीनोट | ||
| 250 | _b1 | ||
| 260 |
_bक्ष _c2008 |
||
| 300 | _a253 | ||
| 600 | _aजे आर डी टाटा | ||
| 630 | _aकीनोट | ||
| 700 | _aजे आर डी टाटा | ||
| 730 | _aकीनोट | ||
| 942 | _cBOOK | ||
| 999 |
_c1049058 _d1049055 |
||